Nuklearmedizinische Untersuchungen von Nierentransplantaten bei Hunden /

Hlavní autor: Kranzfelder, Dietmar Klaus
Korporativní autor: Universität München
Jazyk: Němčina
Vydáno: München : D.K. Kranzfelder, 1973
Fyzický popis: 69 s.
Knihy
Uloženo v:
LEADER 00727nam a22002172a 4500
001 001174431
003 CZ BrMZK
005 20120423080300.0
007 ta
008 111014s1973 gw er|||||||||||ger d
040 |a BOA001  |b cze 
100 1 |a Kranzfelder, Dietmar Klaus  |4 dis 
245 1 0 |a Nuklearmedizinische Untersuchungen von Nierentransplantaten bei Hunden /  |c Dietmar Klaus Kranzfelder 
260 |a München :  |b D.K. Kranzfelder,  |c 1973 
300 |a 69 s. 
502 |a Disertace -- Universität München, 1973 
710 2 |a Universität München  |7 kn20020322441 
910 |a BOA001  |b 2-0789.374 
990 |a BK 
991 |b 201110 
996 7 |b 2619476103  |c 2-0789.374  |l MZK  |r Sklad / do 1 hodiny  |n 0  |w 001207980  |u 000010  |a 1  |e BOA001  |j MZK50  |s A